Decentralization and the social economics of development : (Record no. 9043)

MARC details
000 -LEADER
fixed length control field 01464cam a22003734a 4500
001 - CONTROL NUMBER
control field 14710279
003 - CONTROL NUMBER IDENTIFIER
control field OSt
005 - DATE AND TIME OF LATEST TRANSACTION
control field 20240703112953.0
008 - FIXED-LENGTH DATA ELEMENTS--GENERAL INFORMATION
fixed length control field 070119s2007 mauab b 001 0 eng
010 ## - LIBRARY OF CONGRESS CONTROL NUMBER
LC control number 2007002114
020 ## - INTERNATIONAL STANDARD BOOK NUMBER
International Standard Book Number 9781845932695 (alk. paper)
020 ## - INTERNATIONAL STANDARD BOOK NUMBER
International Standard Book Number 9781845932695
035 ## - SYSTEM CONTROL NUMBER
System control number (OCoLC)ocm80916918
035 ## - SYSTEM CONTROL NUMBER
System control number (OCoLC)80916918
Canceled/invalid control number (OCoLC)154707988
040 ## - CATALOGING SOURCE
Original cataloging agency DNAL/DLC
Transcribing agency DLC
Modifying agency BTCTA
-- BAKER
-- YDXCP
-- YDX
-- AGL
-- DLC
042 ## - AUTHENTICATION CODE
Authentication code pcc
043 ## - GEOGRAPHIC AREA CODE
Geographic area code f-ke---
082 00 - DEWEY DECIMAL CLASSIFICATION NUMBER
Classification number 338.96762 DEC 2006
245 00 - TITLE STATEMENT
Title Decentralization and the social economics of development :
Remainder of title lessons from Kenya /
Statement of responsibility, etc. edited by Christopher B. Barrett, Andrew G. Mude, John M. Omiti.
260 ## - PUBLICATION, DISTRIBUTION, ETC. (IMPRINT)
Place of publication, distribution, etc. Cambridge, MA :
Name of publisher, distributor, etc. CABI,
Date of publication, distribution, etc. 2006.
300 ## - PHYSICAL DESCRIPTION
Extent x, 230 p. :
Other physical details ill., maps ;
Dimensions 26 cm.
504 ## - BIBLIOGRAPHY, ETC. NOTE
Bibliography, etc Includes bibliographical references and index.
650 #0 - SUBJECT ADDED ENTRY--TOPICAL TERM
Topical term or geographic name as entry element Rural development
Geographic subdivision Kenya.
9 (RLIN) 18399
650 #0 - SUBJECT ADDED ENTRY--TOPICAL TERM
Topical term or geographic name as entry element Decentralization in government
Geographic subdivision Kenya.
9 (RLIN) 18400
651 #0 - SUBJECT ADDED ENTRY--GEOGRAPHIC NAME
Geographic name Kenya
General subdivision Economic conditions.
9 (RLIN) 18401
651 #0 - SUBJECT ADDED ENTRY--GEOGRAPHIC NAME
Geographic name Kenya
General subdivision Social conditions.
9 (RLIN) 18402
700 1# - ADDED ENTRY--PERSONAL NAME
Personal name Barrett, Christopher B.
Fuller form of name (Christopher Brendan)
9 (RLIN) 18403
700 1# - ADDED ENTRY--PERSONAL NAME
Personal name Mude, Andrew G.
9 (RLIN) 18404
700 1# - ADDED ENTRY--PERSONAL NAME
Personal name Omiti, John.
9 (RLIN) 18405
856 41 - ELECTRONIC LOCATION AND ACCESS
Materials specified Table of contents only
Uniform Resource Identifier http://www.loc.gov/catdir/toc/ecip079/2007002114.html
906 ## - LOCAL DATA ELEMENT F, LDF (RLIN)
a 7
b cbc
c orignew
d 1
e ecip
f 20
g y-gencatlg
942 ## - ADDED ENTRY ELEMENTS (KOHA)
Source of classification or shelving scheme Dewey Decimal Classification
Koha item type Open Shelf
Holdings
Withdrawn status Lost status Source of classification or shelving scheme Damaged status Not for loan Home library Current library Date acquired Source of acquisition Inventory number Total Checkouts Full call number Barcode Date last seen Price effective from Koha item type
    Dewey Decimal Classification     MUST Main Library MUST Main Library 03/07/2024 Donation 2009/31800   338.96762 DEC 2006 2024-21713 03/07/2024 03/07/2024 Open Shelf